Physics and microphysics / (Record no. 11838)

MARC details
000 -LEADER
fixed length control field 01170cam a22003253i 4500
001 - CONTROL NUMBER
control field 12941267
003 - CONTROL NUMBER IDENTIFIER
control field EG-ScBUE
005 - DATE AND TIME OF LATEST TRANSACTION
control field 20250317094929.0
008 - FIXED-LENGTH DATA ELEMENTS--GENERAL INFORMATION
fixed length control field 020923s1966 nyua f 001 0 eng d
040 ## - CATALOGING SOURCE
Original cataloging agency EG-ScBUE
Language of cataloging eng
Description conventions rda
Transcribing agency EG-ScBUE
Modifying agency EG-ScBUE
041 1# - LANGUAGE CODE
Language code of text/sound track or separate title eng
Language code of original and/or intermediate translations of text fre
082 04 - DEWEY DECIMAL CLASSIFICATION NUMBER
Classification number 530.1
Item number BRO
Edition number 22
100 1# - MAIN ENTRY--PERSONAL NAME
Personal name Broglie, Louis de,
Dates associated with a name 1892-1987,
9 (RLIN) 6192
Relator term author.
240 10 - UNIFORM TITLE
Uniform title <a href="Physique et microphysique.">Physique et microphysique.</a>
Language of a work English
245 10 - TITLE STATEMENT
Title Physics and microphysics /
Statement of responsibility, etc by Louis de Broglie ; translated by Martin Davidson ; with a foreword by Albert Einstein.
250 ## - EDITION STATEMENT
Edition statement Universal library edition.
264 #1 - PUBLICATION, DISTRIBUTION, ETC. (IMPRINT)
Place of publication, distribution, etc New York :
Name of publisher, distributor, etc The Universal Library Grosset & Dunlap :
-- Pantheon Books, Inc.,
Date of publication, distribution, etc 1966.
300 ## - PHYSICAL DESCRIPTION
Extent 286 pages :
Other physical details illustrations ;
Dimensions 22 cm
336 ## - CONTENT TYPE
Source rdacontent
Content type term text
Content type code txt
337 ## - MEDIA TYPE
Media type term unmediated
Source rdamedia
Media type code n
338 ## - CARRIER TYPE
Carrier type term volume
Carrier type code nc
Source rdacarrier
500 ## - GENERAL NOTE
General note Includes index.<br/>
500 ## - GENERAL NOTE
General note Includes appendix.
650 #7 - SUBJECT ADDED ENTRY--TOPICAL TERM
Topical term or geographic name as entry element Physics.
9 (RLIN) 6193
Source of heading or term BUEsh
650 #7 - SUBJECT ADDED ENTRY--TOPICAL TERM
Topical term or geographic name as entry element Physics
General subdivision Philosophy.
9 (RLIN) 6194
Source of heading or term BUEsh
655 ## - INDEX TERM--GENRE/FORM
Form subdivision Reading book
700 1# - ADDED ENTRY--PERSONAL NAME
Personal name Davidson, Martin,
Relator term translator.
700 1# - ADDED ENTRY--PERSONAL NAME
Personal name Einstein, Albert,
Dates associated with a name author of introduction, etc.
942 ## - ADDED ENTRY ELEMENTS (KOHA)
Source of classification or shelving scheme Dewey Decimal Classification
Koha item type Book - Borrowing
Holdings
Withdrawn status Lost status Source of classification or shelving scheme Damaged status Not for loan Collection code Home library Current library Shelving location Date acquired Source of acquisition Cost, normal purchase price Total Checkouts Total Renewals Full call number Barcode Date last seen Date checked out Price effective from Koha item type
    Dewey Decimal Classification     Alef-Baa Central Library Central Library First floor 16/06/2009   150.00 1 16 530.1 BRO 000016865 15/07/2025 28/02/2010 16/06/2009 Book - Borrowing